000
00287nam a22001337a 4500
008
180109b xxu||||| |||| 00| 0 eng d
020
_a
9780771067051
041
_a
eng
080
_a
941
100
_a
16
101
_a
HIS
245
_a
Kennedy Diefenbaker
_c
Knowlton
942
_2
udc
_c
BK
999
_c
39942
_d
39942